Top 20 Wrestling States - Statistics

General Stats
  • This quiz has been taken 49 times
  • The average score is 11 of 20
Answer Stats
Answer % Correct
New York
82%
California
76%
Ohio
76%
Illinois
73%
Pennsylvania
70%
Michigan
67%
Iowa
61%
New Jersey
61%
Oklahoma
61%
Florida
58%
Indiana
58%
Virginia
58%
Wisconsin
48%
Minnesota
45%
Washington
42%
Missouri
39%
Maryland
36%
North Dakota
33%
South Dakota
30%
Delaware
27%
No matching quizzes found
Score Distribution
Percent of People with Each Score
Percentile by Number Answered
Your Score History
You have not taken this quiz